| 000 | 00567 a2200157 4500 | ||
|---|---|---|---|
| 020 | _a0131256831 | ||
| 040 |
_aDLC _bDLC |
||
| 082 | _a003.71 | ||
| 100 | _aJamshidi, Mohammad. | ||
| 245 |
_aLarge-scale systems: modeling, control, and fuzzy logic _cMohammad Jamshid |
||
| 260 |
_aUpper Saddle River, NJ : _bPrentice Hall, _cc1997. |
||
| 300 |
_axv, 578 p. : _bill. ; _c24 cm. |
||
| 500 | _aIncludes bibliographical references and index | ||
| 650 | _a 1.Large scale systems--Mathematical models.2.Intelligent control systems.3.Fuzzy systems. | ||
| 942 |
_cBK _k003.71 JAM _2ddc |
||
| 999 |
_c4966 _d4966 |
||